| 000 | 00458nam a2200145Ia 4500 | ||
|---|---|---|---|
| 999 |
_c18887 _d18887 |
||
| 082 | _aTG.0273 | ||
| 100 | _aGupta, Sudha | ||
| 245 | 0 | _aRajasthan Rajya Path Parivahan Nigam me sevivargiyah prabandh ki samasyahe | |
| 260 |
_c1992 _bUniversity of Rajasthan |
||
| 300 | _av.p. + C D - 34 | ||
| 650 | _aUniversity of Rajasthan | ||
| 650 | _aTRANSPORTATION, AUTOMOTIVE///RAJASTHAN STATE ROAD TRANSPORT CORPORATION | ||
| 710 | _aBajaj, R.K. | ||
| 942 |
_cTH _2ddc |
||